| 000 | 01112naa a22003017a 4500 | ||
|---|---|---|---|
| 001 | BR9406854 | ||
| 003 | BR-BrBNA | ||
| 005 | 20240918181311.0 | ||
| 007 | ta | ||
| 008 | 230509b bl.||||| |||| 00| 0 por d | ||
| 040 |
_aBR-BrBNA _bpor _cBiblioteca Nacional de Agricultura |
||
| 041 | _a(Pt) | ||
| 072 |
_aH20; H10 _b0210 _b1850 _b4110 _b4050 |
||
| 090 | _aH20 BR9406854 | ||
| 100 | 1 | _aSharma, R.D. | |
| 100 | 1 | _aStirling, G.R. | |
| 245 | 1 | _aProducao massal in vivo da Lacteria Pasteuria penetrans para controle biologico do nematoide Meloidagyne spp | |
| 260 | 3 |
_aPlanaltina, DF (Brasil): _c1994. |
|
| 500 | _aRelatorio tecnico anual do Centro de Pesquisa Agropecuaria dos Cerrados 1987/1990 Planaltina, DF (Brasil): 1994. p. 261-263 (BR9406854-AM)H20 | ||
| 650 | _aBatata | ||
| 650 | _aTomate | ||
| 650 | _aBacteria | ||
| 650 | _aNematoide | ||
| 650 | _aControle Biologico | ||
| 773 | 0 |
_tRelatorio tecnico anual do Centro de Pesquisa Agropecuaria dos Cerrados 1987/1990 _wH20 BR9406854 _gPlanaltina, DF (Brasil), 1994. p. 261-263 |
|
| 909 |
_a202404 _bLucia _c55 _dLucia Elande |
||
| 942 |
_cAM _2AGRIS |
||
| 999 |
_c324631 _d324631 |
||